00388nam a2200121Ia 4500008004100000020001800041100002300059245008100082250001100163260003400174300001800208650004000226180627s9999 xx 000 0 und d a9789812533166 aPollack, Robert A. cRobert A. Pollack, Lorraine Findlay.aLaboratory exercises in mircobiology / a3rd ed aUSA:bJohn Wiley & Sonsc2009 aiv, 273 pages aMicrobiology -- Laboratory manuals.